Provinz - Verrate deine Freunde (lyrics) - Statistiken

Allgemein
  • Dieses Quiz wurde 60 mal gespielt
  • Das Durchschnittsergebnis liegt bei 217 aus 379
Antwortstatistiken
Antwort % Korrekt
dein
98%
deine
95%
freunde
95%
für
95%
verrate
95%
sie
90%
ich
88%
keiner
88%
mich
88%
sieht
83%
deinen
81%
hund
81%
zu
81%
nicht
79%
nicht)
79%
vergrabe
79%
wenn's
79%
und
76%
was
76%
wir
76%
lieb
74%
das
71%
den
71%
ein
71%
ist
71%
an
69%
die
69%
sind
69%
dir
67%
du
67%
wer
67%
zur
67%
doch
64%
es
64%
hab
64%
ja
64%
wie
64%
der
62%
heilig
62%
komm
62%
mein
62%
nein
62%
zurück
62%
altes
60%
mehr
60%
meine
60%
mir
60%
lass
57%
von
55%
hoch
52%
kann
52%
tag
52%
auf
50%
beine
50%
denn
50%
heut
50%
im
50%
welt
50%
andere
48%
beide
48%
ey
48%
hör
48%
werden
48%
allen
45%
andern
45%
eines
45%
gestern
45%
tages
45%
dich
43%
eingefroren
43%
gedanken
43%
am
40%
fieber
40%
mit
40%
oh
40%
(oh
40%
sterben
40%
heute
38%
jeder
38%
rebelliert
38%
schwer
38%
verloren
38%
anschluss
36%
bin
36%
bis
36%
hören
36%
in
36%
nichts
36%
sag
36%
tot
36%
zeit
36%
angst
33%
aus
33%
hier
33%
niemand
33%
schmeckt
33%
wofür
33%
hält
31%
sein
31%
wann
31%
handy
29%
macht
29%
phrasen
29%
rennen
29%
schreien
29%
sich
29%
steh
29%
verbrenne
29%
eure
26%
kopf
26%
kühlschrank
26%
leer
26%
oder
26%
ruft
26%
sagen
26%
stille
26%
(da, da-da, da)
24%
fernsehen
24%
gegenteil
24%
geht
24%
hölle
24%
köpfe
24%
rande
24%
rufen
24%
soll
24%
stimme
24%
andre
21%
cowboys
21%
liebst
21%
matter
21%
stein
21%
stelle
21%
vorbei
21%
brandung
19%
fels
19%
fragen
19%
rollender
19%
schießen
19%
schwerem
19%
repeat
17%
spotify
17%
zieht
17%
abhebst
14%
kompliziert
14%
verglühst
14%
läuft
12%
zehrt
10%
Keine übereinstimmenden Quizze gefunden
Verteilung der Resultate
Anzahl Personen mit jedem Resultat
Perzentil nach korrekt beantworteten Fragen
Ihre Resultats-Entwicklung
Sie haben dieses Quiz noch nicht gespielt